[Event "Ruhrgebiet Verbandsklasse Gruppe 1 1718"]
[Site "Germany"]
[Date "2018.02.25"]
[Round "7.6"]
[White "Rau, John"]
[Black "Sehrbrock, Christoph"]
[Result "0-1"]
[WhiteElo "1518"]
[BlackElo "1808"]
[PlyCount "42"]
[EventDate "2017.09.17"]
[EventType "team-tourn"]
[EventRounds "9"]
[EventCountry "GER"]
[SourceTitle "EXT 2022"]
[Source "ChessBase"]
[SourceDate "2021.10.06"]
[SourceVersion "1"]
[SourceVersionDate "2021.10.06"]
[SourceQuality "1"]
[WhiteTeam "Hamm SV II"]
[BlackTeam "Waltrop SV"]
[WhiteTeamCountry "GER"]
[BlackTeamCountry "GER"]

1. d4 Nf6 2. Nf3 c5 3. d5 b5 4. c4 Bb7 5. Nbd2 bxc4 6. e4 e6 7. e5 Nxd5 8. Nxc4 Nc6 9. Ng5 Be7 10. Qh5 g6 11. Qh6 Bf8 12. Nd6+ Bxd6 13. Qg7 Rf8 14. exd6 Nf6 15. Nxh7 Nxh7 16. Qxh7 Qf6 17. Bh6 Qe5+ 18. Be2 Nd4 19. 0-0 Nxe2+ 20. Kh1 Rh8 21. Bg7 Bxg2+ 0-1

[Event "Ruhrgebiet Verbandsklasse Gruppe 2 1617"]
[Site "Germany"]
[Date "2017.03.12"]
[Round "8.7"]
[White "Schulte, Axel"]
[Black "Sehrbrock, Christoph"]
[Result "1/2-1/2"]
[WhiteElo "1640"]
[BlackElo "1802"]
[PlyCount "100"]
[EventDate "2016.09.04"]
[EventType "team-tourn"]
[EventRounds "9"]
[EventCountry "GER"]
[SourceTitle "EXT 2022"]
[Source "ChessBase"]
[SourceDate "2021.10.06"]
[SourceVersion "1"]
[SourceVersionDate "2021.10.06"]
[SourceQuality "1"]
[WhiteTeam "Schueren"]
[BlackTeam "Waltrop SV"]
[WhiteTeamCountry "GER"]
[BlackTeamCountry "GER"]

1. e4 c6 2. d4 d5 3. Nc3 dxe4 4. Nxe4 Bf5 5. Ng3 Bg6 6. Nf3 Nd7 7. Bd3 e6 8. c3 Ngf6 9. Bg5 Qc7 10. Qc2 Bd6 11. 0-0-0 Bxd3 12. Qxd3 h6 13. Bxf6 Nxf6 14. Ne4 Nxe4 15. Qxe4 Qa5 16. Kb1 Qd5 17. Rhe1 b5 18. Ne5 Bxe5 19. dxe5 Qxe4+ 20. Rxe4 Ke7 21. Red4 Rad8 22. b4 Rd5 23. f4 g5 24. fxg5 hxg5 25. Rxd5 exd5 26. h3 Rh4 27. Rf1 Re4 28. Rf6 Rxe5 29. Rxc6 Re1+ 30. Kc2 Re2+ 31. Kb3 Rxg2 32. Rc5 Kd6 33. Rxb5 Rg3 34. Ra5 d4 35. Rxa7 Rxc3+ 36. Kb2 f5 37. Rg7 Rg3 38. b5 Kc5 39. a4 f4 40. Rf7 f3 41. Kc2 Rxh3 42. Rf5+ Kc4 43. b6 Rh2+ 44. Kd1 g4 45. b7 Kd3 46. Ke1 Rh8 47. Kf2 Rb8 48. Rf7 Kc4 49. Rd7 d3 50. a5 Kb5 1/2-1/2

[Event "Ruhrgebiet Verbandsklasse Gruppe 2 1617"]
[Site "Germany"]
[Date "2016.11.27"]
[Round "4.7"]
[White "Peters, Olaf"]
[Black "Sehrbrock, Christoph"]
[Result "0-1"]
[WhiteElo "1897"]
[BlackElo "1802"]
[PlyCount "80"]
[EventDate "2016.09.04"]
[EventType "team-tourn"]
[EventRounds "9"]
[EventCountry "GER"]
[SourceTitle "EXT 2022"]
[Source "ChessBase"]
[SourceDate "2021.10.06"]
[SourceVersion "1"]
[SourceVersionDate "2021.10.06"]
[SourceQuality "1"]
[WhiteTeam "Bochum SV II"]
[BlackTeam "Waltrop SV"]
[WhiteTeamCountry "GER"]
[BlackTeamCountry "GER"]

1. c4 e5 2. Nc3 Nf6 3. g3 c6 4. d4 exd4 5. Qxd4 d5 6. Bg5 dxc4 7. Qxd8+ Kxd8 8. e4 Be6 9. f4 b5 10. e5 h6 11. Bh4 g5 12. exf6 gxh4 13. Bg2 a6 14. Nge2 hxg3 15. Nxg3 Bd6 16. 0-0 Kc7 17. f5 Bc8 18. Rae1 Nd7 19. Nh5 Bb7 20. Re7 Bc5+ 21. Kh1 Bxe7 22. fxe7 f6 23. Ng7 Rhg8 24. Ne6+ Kd6 25. Re1 Ne5 26. Ne4+ Kxe7 27. N4c5 Bc8 28. Nd4 Kf8 29. Bxc6 Nxc6 30. Nxc6 Bxf5 31. Rf1 Rg5 32. Nd4 Rc8 33. h4 Rh5 34. Nxa6 Rxh4+ 35. Kg1 Rxd4 36. Rxf5 Rd1+ 37. Kf2 Rd2+ 38. Ke3 Rxb2 39. Rxf6+ Kg7 40. Rb6 c3 0-1

[Event "Ruhrgebiet Verbandsklasse Gruppe 1 1415"]
[Site "Germany"]
[Date "2015.04.26"]
[Round "9.5"]
[White "Sehrbrock, Christoph"]
[Black "Straenger, Petra"]
[Result "1-0"]
[WhiteElo "1821"]
[BlackElo "1793"]
[PlyCount "83"]
[EventDate "2014.09.21"]
[EventType "team-tourn"]
[EventRounds "9"]
[EventCountry "GER"]
[SourceTitle "EXT 2022"]
[Source "ChessBase"]
[SourceDate "2021.10.06"]
[SourceVersion "1"]
[SourceVersionDate "2021.10.06"]
[SourceQuality "1"]
[WhiteTeam "Waltrop SV"]
[BlackTeam "Muelheim SC"]
[WhiteTeamCountry "GER"]
[BlackTeamCountry "GER"]

1. e4 d5 2. exd5 Qxd5 3. Nc3 Qa5 4. Bc4 Nf6 5. d3 Bf5 6. Bd2 c6 7. Nf3 e6 8. Qe2 Qc7 9. Nd4 Be7 10. 0-0-0 0-0 11. f3 b5 12. Bb3 a5 13. a4 b4 14. Ne4 Bxe4 15. fxe4 Bc5 16. Nf3 Qb6 17. Ne5 Nbd7 18. Nc4 Qc7 19. Rdf1 Bd4 20. Bf4 e5 21. Bg5 h6 22. Bd2 Qd8 23. g4 Nh7 24. h4 Nc5 25. g5 Nxb3+ 26. cxb3 Qd7 27. gxh6 f5 28. hxg7 Qxg7 29. Be3 Kh8 30. exf5 Rae8 31. Nd6 Qd7 32. Nxe8 Rxe8 33. Rhg1 Nf6 34. Rg6 e4 35. Rh6+ Nh7 36. Bxd4+ Qxd4 37. Rxh7+ Kxh7 38. Qh5+ Kg7 39. Qxe8 Qe3+ 40. Kb1 Qxd3+ 41. Ka2 Qxf1 42. Qg6+ 1-0

[Event "Ruhrgebiet VK1 1213"]
[Site "Nordrheinwestfalen"]
[Date "2013.04.07"]
[Round "8"]
[White "Cavasin, Joerg"]
[Black "Sehrbrock, Christoph"]
[Result "1-0"]
[WhiteElo "1850"]
[BlackElo "1831"]
[PlyCount "73"]
[EventDate "2012.09.02"]
[EventType "team-tourn"]
[EventRounds "9"]
[EventCountry "GER"]
[SourceTitle "EXT 2020"]
[Source "ChessBase"]
[SourceDate "2019.10.17"]
[SourceVersion "1"]
[SourceVersionDate "2019.10.17"]
[SourceQuality "1"]
[WhiteTeam "Altenessen"]
[BlackTeam "Waltrop SV"]
[WhiteTeamCountry "GER"]
[BlackTeamCountry "GER"]

1. d4 Nf6 2. Nf3 c5 3. d5 b5 4. Bg5 d6 5. Bxf6 gxf6 6. e4 Qb6 7. Na3 a6 8. Be2 Bg7 9. c3 Nd7 10. 0-0 Nf8 11. Nc2 Bb7 12. Rb1 Ng6 13. Re1 h5 14. Ne3 Bc8 15. b4 h4 16. a4 Bd7 17. bxc5 Qxc5 18. axb5 axb5 19. Nd4 0-0 20. Bxb5 Bxb5 21. Nxb5 Rfb8 22. c4 Ne5 23. Qe2 Ra4 24. Rec1 Bh6 25. Nc3 Raa8 26. Ncd1 Rc8 27. Rc2 Ra4 28. Nf5 Bf8 29. Nde3 e6 30. Nxh4 Bh6 31. dxe6 fxe6 32. Nf3 Ng6 33. Ng4 Rc7 34. Rbc1 Qh5 35. h3 Kf7 36. Qe3 f5 37. Qb3 1-0

[Event "Ruhrgebiet VK1 1213"]
[Site "Nordrheinwestfalen"]
[Date "2012.09.02"]
[Round "1.4"]
[White "Straenger, Petra"]
[Black "Sehrbrock, Christoph"]
[Result "1/2-1/2"]
[WhiteElo "1874"]
[BlackElo "1831"]
[PlyCount "194"]
[EventDate "2012.09.02"]
[EventType "team-tourn"]
[EventRounds "9"]
[EventCountry "GER"]
[SourceTitle "EXT 2020"]
[Source "ChessBase"]
[SourceDate "2019.10.17"]
[SourceVersion "1"]
[SourceVersionDate "2019.10.17"]
[SourceQuality "1"]
[WhiteTeam "Muelheim SC"]
[BlackTeam "Waltrop SV"]
[WhiteTeamCountry "GER"]
[BlackTeamCountry "GER"]

1. d4 c5 2. dxc5 e6 3. Nf3 Bxc5 4. e3 d5 5. c4 Nf6 6. Be2 0-0 7. 0-0 Nc6 8. Nc3 dxc4 9. Bxc4 a6 10. a3 b5 11. Be2 Bb7 12. b4 Be7 13. Qb3 Qb6 14. Bb2 Rfd8 15. Rfd1 Rxd1+ 16. Rxd1 Rd8 17. Qc2 Rxd1+ 18. Qxd1 Qd8 19. Qc2 Qb6 20. Bd3 h6 21. Ne2 Qd8 22. h3 Kf8 23. Ng3 Ke8 24. Ne4 Qd5 25. Nxf6+ gxf6 26. Be4 Qd7 27. Nd2 Ne5 28. Bxb7 Qxb7 29. Bxe5 fxe5 30. Qh7 Qd5 31. Nf3 Bf8 32. Qh8 Qd1+ 33. Kh2 Qe2 34. Kg3 Qd3 35. Qg8 Qf5 36. Qh8 Qd3 37. Qg8 Qf5 38. Qh8 Qd3 39. Nxe5 Qf5 40. f4 f6 41. Ng4 Ke7 42. e4 Qg6 43. Kf3 h5 44. Ne3 Bg7 45. Qc8 h4 46. Qxe6+ Kxe6 47. f5+ Kf7 48. fxg6+ Kxg6 49. Kg4 Bh6 50. Nd5 Bc1 51. Nc7 Bxa3 52. Nxa6 Kf7 53. Kxh4 Ke6 54. Nc7+ Ke5 55. Nxb5 Bxb4 56. Nc7 Kxe4 57. Ne8 f5 58. Ng7 Be7+ 59. Kg3 Bd6+ 60. Kf2 Bc5+ 61. Ke2 Be7 62. Nh5 f4 63. Ng7 Bh4 64. Ne8 Be7 65. Nc7 Bd8 66. Nb5 Bf6 67. Nd6+ Ke5 68. Ne8 Bh4 69. Kf3 Bg3 70. Ng7 Bh4 71. Nh5 Bg5 72. Ng7 Bh6 73. Ne8 Kf5 74. Nd6+ Ke6 75. Nc4 Kd5 76. Nd2 Ke5 77. Nc4+ Kf5 78. Nd6+ Ke6 79. Ne4 Kf5 80. h4 Ke5 81. Nf2 Kf5 82. Ng4 Bf8 83. Nf2 Be7 84. h5 Kg5 85. Nh3+ Kxh5 86. Nxf4+ Kg5 87. g4 Ba3 88. Ne6+ Kf6 89. Nc7 Bc1 90. Nd5+ Ke5 91. Nc3 Kf6 92. Ne2 Bd2 93. Ng3 Bc1 94. Ne4+ Kg6 95. Nf2 Bg5 96. Nd3 Bf6 97. Nf4+ Kg5 1/2-1/2

[Event "Dortmund op-A"]
[Site "Dortmund"]
[Date "2005.07.17"]
[Round "9"]
[White "Sehrbrock, Christoph"]
[Black "Butschek, Tanja"]
[Result "0-1"]
[WhiteElo "1749"]
[BlackElo "2025"]
[PlyCount "34"]
[EventDate "2005.07.08"]
[EventType "swiss"]
[EventRounds "9"]
[EventCountry "GER"]
[SourceTitle "CBM 107 Extra"]
[Source "ChessBase"]
[SourceDate "2005.09.01"]
[SourceVersion "1"]
[SourceVersionDate "2005.09.01"]
[SourceQuality "1"]

1. e4 c6 2. d4 d5 3. Nc3 dxe4 4. Nxe4 Nd7 5. Nf3 Ngf6 6. Ng3 Qc7 7. Bd3 e6 8. Qe2 b6 9. 0-0 Bb7 10. Re1 Bd6 11. Nf5 0-0-0 12. Nxd6+ Qxd6 13. g3 c5 14. Ba6 cxd4 15. Bf4 Qd5 16. c3 d3 17. Qxd3 Qxd3 0-1

[Event "Dortmund op-A"]
[Site "Dortmund"]
[Date "2005.07.16"]
[Round "8"]
[White "Ebert, Manuel"]
[Black "Sehrbrock, Christoph"]
[Result "1-0"]
[WhiteElo "2064"]
[BlackElo "1749"]
[PlyCount "45"]
[EventDate "2005.07.08"]
[EventType "swiss"]
[EventRounds "9"]
[EventCountry "GER"]
[SourceTitle "CBM 107 Extra"]
[Source "ChessBase"]
[SourceDate "2005.09.01"]
[SourceVersion "1"]
[SourceVersionDate "2005.09.01"]
[SourceQuality "1"]

1. e4 c6 2. d4 d5 3. Nc3 dxe4 4. Nxe4 Bf5 5. Ng3 Bg6 6. Nf3 Nd7 7. h4 h6 8. h5 Bh7 9. Bd3 Bxd3 10. Qxd3 e6 11. Bd2 Ngf6 12. 0-0-0 Be7 13. Ne4 0-0 14. Rdg1 c5 15. g4 cxd4 16. g5 Nxe4 17. Qxe4 Nc5 18. Qg4 hxg5 19. Nxg5 Bf6 20. Nf3 Kh8 21. Nh4 Qd5 22. Ng6+ Kg8 23. Ne7+ 1-0

[Event "Dortmund op-A"]
[Site "Dortmund"]
[Date "2005.07.12"]
[Round "5"]
[White "Sehrbrock, Christoph"]
[Black "Salamone, Giuseppe"]
[Result "1-0"]
[WhiteElo "1749"]
[BlackElo "2052"]
[PlyCount "95"]
[EventDate "2005.07.08"]
[EventType "swiss"]
[EventRounds "9"]
[EventCountry "GER"]
[SourceTitle "CBM 107 Extra"]
[Source "ChessBase"]
[SourceDate "2005.09.01"]
[SourceVersion "1"]
[SourceVersionDate "2005.09.01"]
[SourceQuality "1"]

1. e4 e6 2. d4 d5 3. exd5 exd5 4. Bd3 Bd6 5. Nf3 Ne7 6. Bg5 f6 7. Bh4 Bg4 8. h3 Bh5 9. Nbd2 Nbc6 10. c3 Qd7 11. Qc2 g5 12. Bg3 Bxg3 13. fxg3 Bg6 14. 0-0-0 0-0-0 15. g4 Rde8 16. Rhf1 Bxd3 17. Qxd3 Ng6 18. g3 Nce7 19. Rde1 h5 20. Ng1 hxg4 21. hxg4 Ref8 22. Qe2 Ng8 23. Ngf3 Qxg4 24. Nxg5 Qxg5 25. Qe6+ Kd8 26. Rf5 Qxf5 27. Qxf5 N8e7 28. Qe6 c6 29. Qd6+ Kc8 30. Rxe7 Nxe7 31. Qxe7 f5 32. Qe6+ Kc7 33. Nf3 Re8 34. Qf7+ Kb6 35. Ne5 Ka6 36. Qxf5 Ref8 37. Qd3+ Ka5 38. b4+ Ka4 39. Qc2+ Kb5 40. Qd3+ Ka4 41. Qd1+ Kb5 42. Ng6 a5 43. Qd3+ Ka4 44. Nxf8 Rxf8 45. Qc2+ Kb5 46. a4+ Kc4 47. Kb2 Re8 48. Qd1 1-0

[Event "Dortmund op-A"]
[Site "Dortmund"]
[Date "2005.07.08"]
[Round "1"]
[White "Sehrbrock, Christoph"]
[Black "Ritter, Uwe"]
[Result "0-1"]
[WhiteElo "1749"]
[BlackElo "2094"]
[PlyCount "100"]
[EventDate "2005.07.08"]
[EventType "swiss"]
[EventRounds "9"]
[EventCountry "GER"]
[SourceTitle "CBM 107 Extra"]
[Source "ChessBase"]
[SourceDate "2005.09.01"]
[SourceVersion "1"]
[SourceVersionDate "2005.09.01"]
[SourceQuality "1"]

1. e4 e5 2. Nf3 Nc6 3. d4 exd4 4. Nxd4 Bc5 5. Nb3 Bb6 6. Nc3 Qf6 7. Qe2 Nge7 8. Be3 0-0 9. 0-0-0 d6 10. f4 Bg4 11. Qxg4 Bxe3+ 12. Kb1 Bxf4 13. Be2 Be5 14. Rhf1 Qe6 15. Qxe6 fxe6 16. Nb5 d5 17. Bg4 Nd8 18. Nc5 c6 19. Rxf8+ Kxf8 20. Nd7+ Ke8 21. Nxe5 cxb5 22. exd5 Nxd5 23. Bxe6 Nxe6 24. Rxd5 Rd8 25. Rxd8+ Kxd8 26. Kc1 Ke7 27. Kd2 Kd6 28. Nd3 Kd5 29. Ke3 a5 30. Nf4+ Nxf4 31. Kxf4 Kd4 32. g4 b4 33. g5 g6 34. c3+ bxc3 35. bxc3+ Kxc3 36. Ke5 b5 37. Kf6 b4 38. Kg7 a4 39. Kxh7 b3 40. axb3 axb3 41. Kxg6 b2 42. h4 b1Q+ 43. Kh6 Qc1 44. h5 Kd4 45. Kg6 Ke5 46. h6 Qc6+ 47. Kg7 Kf5 48. h7 Qg6+ 49. Kh8 Qf7 50. g6 Qf8# 0-1